000 00505nam a22001697a 4500
999 _c263783
_d263782
003 OSt
005 20240610150517.0
008 240610b xxu||||| |||| 00| 0 eng d
010 _a69015802
040 _cDLC
050 _aPZ10
_b.W748
100 _aWong, Herbert H.
245 _aMy ladybug,
_c by Herbert H. Wong and Matthew F. Vessel. Illustrated by Marie Nonnast Bohlen.
260 _a [Reading, Mass.]
_bAddison-Wesley
_c [1969]
300 _a30 p.
_b col. illus.
_c21 x 26 cm.
942 _2lcc
_cBK